000 01716nam a22004577a 4500
003 CHAP
005 20220817044324.0
008 100303s2009 mx r 00010 spa d
010 _a97657
011 _a98629
035 _a109314
040 _cCHAP
090 _aTesis
100 1 _aAlviter Aguilar, Adelina
_95038
245 1 0 _aEvaluación de preservadores florales en postcosecha de iris (Iris hollandica) y delphinum (Delphinium elatum)
_c/por Adelina Alviter Aguilar
260 0 0 _aChapingo, Mex. :
_bAutor
_c2009
300 _avii, 58 h. :
_bcuadros, gráfs.
502 _aTesis (Ing. Agr. Esp. en Fitotecnia) -- UACH. Departamento de Fitotecnia
530 _aTambién disponible en línea
590 _aALEPH
_b10
_c20130110
_lUCH01
_h1532
590 _aBATCH-UPD
_b10
_c20130110
_lUCH01
_h1051
590 _aBATCH-UPD
_b10
_c20130410
_lUCH01
_h0648
590 _aBATCH-UPD
_b10
_c20130914
_lUCH01
_h1330
590 _aBATCH-UPD
_b10
_c20140324
_lUCH01
_h1514
590 _aBATCH-UPD
_b10
_c20141002
_lUCH01
_h0841
590 _aBATCH
_b00
_c20181121
_lUCH01
_h0758
590 _aCONVERSION
_b10
_c20130109
_lUCH01
_h1354
650 1 4 _aEtileno
_xEfecto en plantas.
_938604
650 1 4 _aFlores
_xTecnología postcosecha.
_941409
650 1 4 _aFloricultura
_zMéxico (Edo.).
_941853
650 1 4 _aIris.
_960356
650 1 4 _aPlantas ornamentales.
650 1 4 _aSacarosa.
_9101122
650 1 4 _aTallo.
_9111494
856 _3Finding aid
_uhttp://10.13.5.2/tesis/109314.pdf
_zTeclea aqui
856 _a1
_n0000308
901 _aBK
942 _cFOLL
949 _aTesis
_bBC
_cTES
_d33724002098314
_eTS2
_fc.2
_gDonaciØn
_h50075
_i109314
_si
949 _aTesis
_bBC
_cTES
_d33724002108116
_eTS1
_gDonaciØn
_h50074
_i109314
_sb
999 _c97657
_d97657